Asia - Countries by Capitals with Map - Statistics

General Stats
  • This quiz has been taken 312 times
  • The average score is 41 of 48
Answers on the Map
Answers color-coded by a green-red scale on the quiz's map according to % correct below.
 
Answer Stats
Capitals Country % Correct
Beijing China
98%
Bangkok Thailand
97%
New Delhi India
96%
Jerusalem Israel
95%
Tokyo Japan
95%
Kuwait City Kuwait
95%
Singapore Singapore
95%
Abu Dhabi United Arab Emirates
95%
Seoul South Korea
94%
Jakarta Indonesia
93%
Manila Philippines
93%
Baghdad Iraq
92%
Pyongyang North Korea
92%
Taipei Taiwan
92%
Hanoi Vietnam
92%
Islamabad Pakistan
91%
Damascus Syria
91%
Ankara Turkey
91%
Kuala Lumpur Malaysia
90%
Kathmandu Nepal
90%
Beirut Lebanon
89%
Sri Jayawardenapura Kotte Sri Lanka
89%
Tehran Iran
88%
Riyadh Saudi Arabia
88%
Kabul Afghanistan
85%
Phnom Penh Cambodia
85%
Amman Jordan
85%
Baku Azerbaijan
84%
Doha Qatar
84%
Ulaanbaatar Mongolia
83%
Dhaka Bangladesh
81%
Nicosia Cyprus
80%
Tbilisi Georgia
80%
Muscat Oman
80%
Sana'a Yemen
79%
Bishkek Kyrgyzstan
77%
Malé Maldives
77%
Bandar Seri Begawan Brunei
76%
Tashkent Uzbekistan
76%
Thimphu Bhutan
74%
Ashgabat Turkmenistan
74%
Nur-Sultan Kazakhstan
73%
Naypyidaw Myanmar
73%
Yerevan Armenia
72%
Dili East Timor
72%
Vientiane Laos
72%
Dushanbe Tajikistan
69%
Manama Bahrain
66%
No matching quizzes found
Score Distribution
Percent of People with Each Score
Percentile by Number Answered
Your Score History
You have not taken this quiz